000 00320 a2200133 4500
999 _c321597
_d321597
001 86524
003 NUST
005 20180123094655.0
008 180123b xxu||||| |||| 00| 0 eng d
082 _a398.2 ALI
100 _aAli Iqbal Jatoi
_99546
245 _aBibliography of Folk Literature
_hEnglish
260 _aIslamabad
_bLok Virsa
_c1980
300 _a160p.
500 _aLok Virsa
942 _aCAENUST
_cBK
_k398.2 ALI
_2ddc